[Event "Isle of Wight International"]
[Site "Ryde"]
[Date "2025.02.19"]
[Round "3.46"]
[White "Waterfield, Mark"]
[Black "Fathallah, Joe"]
[Result "1-0"]
[WhiteElo "1892"]
[BlackElo "2044"]
[PlyCount "57"]
[EventDate "2025.02.18"]
[EventType "swiss"]
[EventRounds "9"]
[EventCountry "ENG"]
[SourceTitle "BritBase"]
[Source "John Saunders"]
[SourceDate "2025.02.21"]
[SourceVersion "1"]
[SourceVersionDate "2025.02.21"]
[SourceQuality "1"]

1. e4 e6 2. d4 d5 3. Nd2 Nc6 4. Ngf3 Nf6 5. e5 Nd7 6. Bd3 Nb4 7. Be2 c5 8. c3 Nc6 9. Bd3 cxd4 10. cxd4 Qb6 11. O-O Nxd4 12. Nxd4 Qxd4 13. Nf3 Qb6 14. Qa4 Qb4 15. Qc2 g6 16. Bd2 Qc5 17. Qa4 Bg7 18. Rac1 Qe7 19. Bb5 a6 20. Bg5 f6 21. exf6 Bxf6 22. Bxf6 Qxf6 23. Rxc8+ Rxc8 24. Bxd7+ Ke7 25. Bxc8 Rxc8 26. Qb4+ Kd8 27. Qxb7 Rc2 28. Qxa6 Qxb2 29. Qd6+ 1-0

[Event "Isle of Wight International"]
[Site "Ryde"]
[Date "2025.02.19"]
[Round "3.47"]
[White "Hu, Junyan"]
[Black "Wicken, Jack"]
[Result "1/2-1/2"]
[WhiteElo "1895"]
[BlackElo "2043"]
[PlyCount "69"]
[EventDate "2025.02.18"]
[EventType "swiss"]
[EventRounds "9"]
[EventCountry "ENG"]
[SourceTitle "BritBase"]
[Source "John Saunders"]
[SourceDate "2025.02.21"]
[SourceVersion "1"]
[SourceVersionDate "2025.02.21"]
[SourceQuality "1"]

1. e4 e5 2. Nf3 Nf6 3. Nxe5 d6 4. Nf3 Nxe4 5. d4 d5 6. Bd3 Bd6 7. O-O O-O 8. c4 c6 9. Qc2 Re8 10. Re1 Nf6 11. Rxe8+ Qxe8 12. cxd5 cxd5 13. Bg5 Ne4 14. Bh4 Nc6 15. a3 f5 16. Nc3 Be6 17. Bg3 Bxg3 18. hxg3 h5 19. Rd1 Rd8 20. Ne2 Rc8 21. Qb1 Qe7 22. Nf4 Bf7 23. Rc1 g5 24. Ne2 g4 25. Ne5 Rc7 26. Nxc6 bxc6 27. b4 h4 28. Bxe4 dxe4 29. Qc2 hxg3 30. fxg3 Bd5 31. Nf4 Qf6 32. Qc5 Rd7 33. Nxd5 cxd5 34. Qc8+ Rd8 35. Qc3 1/2-1/2

[Event "Isle of Wight International"]
[Site "Ryde"]
[Date "2025.02.19"]
[Round "3.48"]
[White "Walton, Alan J"]
[Black "Sivanesan, Subramanian"]
[Result "1-0"]
[WhiteElo "2034"]
[BlackElo "1894"]
[PlyCount "67"]
[EventDate "2025.02.18"]
[EventType "swiss"]
[EventRounds "9"]
[EventCountry "ENG"]
[SourceTitle "BritBase"]
[Source "John Saunders"]
[SourceDate "2025.02.21"]
[SourceVersion "1"]
[SourceVersionDate "2025.02.21"]
[SourceQuality "1"]

1. d4 Nf6 2. Bg5 d5 3. e3 c5 4. c3 Nc6 5. Nf3 Qb6 6. b3 Ne4 7. Bf4 f6 8. Bd3 Bg4 9. Qc2 g5 10. Bg3 Bf5 11. Nbd2 cxd4 12. exd4 Rc8 13. a3 Nxd2 14. Qxd2 Be4 15. O-O h5 16. h4 g4 17. Ne1 Bh6 18. Qe2 f5 19. Bxe4 fxe4 20. b4 O-O 21. Nc2 Nd8 22. Ne3 e6 23. c4 dxc4 24. Nxc4 Qxd4 25. Nd6 Rc6 26. Rad1 Qf6 27. Qxe4 Nf7 28. Nxb7 Rc3 29. a4 e5 30. Nc5 Qe7 31. Qg6+ Bg7 32. Ne6 Nh8 33. Qxg7+ Qxg7 34. Nxg7 1-0

[Event "Isle of Wight International"]
[Site "Ryde"]
[Date "2025.02.19"]
[Round "3.49"]
[White "Freeland, Alex"]
[Black "Maton, Emily"]
[Result "1-0"]
[WhiteElo "2025"]
[BlackElo "1886"]
[PlyCount "77"]
[EventDate "2025.02.18"]
[EventType "swiss"]
[EventRounds "9"]
[EventCountry "ENG"]
[SourceTitle "BritBase"]
[Source "John Saunders"]
[SourceDate "2025.02.21"]
[SourceVersion "1"]
[SourceVersionDate "2025.02.21"]
[SourceQuality "1"]

1. d4 d5 2. c4 dxc4 3. e3 Nf6 4. Nf3 e6 5. Bxc4 c5 6. O-O cxd4 7. Nxd4 a6 8. Nc3 Bd6 9. e4 Qc7 10. Bb3 Bxh2+ 11. Kh1 Be5 12. f4 Bxd4 13. Qxd4 Nc6 14. Qf2 Ng4 15. Qh4 h5 16. Bd1 Qe7 17. Qh3 Nf6 18. e5 Nd5 19. Ne4 Kf8 20. Bd2 Nd4 21. Nd6 Nb5 22. Nxb5 axb5 23. Bb3 Kg8 24. f5 Qc5 25. Qh4 Ne3 26. Qf2 Qxe5 27. Bxe3 h4 28. Bf4 Qxf5 29. Rad1 Qf6 30. Be5 Qxf2 31. Rxf2 Kh7 32. Rxf7 Rg8 33. Rd4 Kg6 34. Rdf4 b4 35. Bc2+ Kg5 36. Bh7 Rh8 37. Rxg7+ Kh5 38. Bg6+ Kg5 39. Be8+ 1-0

[Event "Isle of Wight International"]
[Site "Ryde"]
[Date "2025.02.19"]
[Round "3.50"]
[White "Moseley, Alan"]
[Black "Brackmann, Hendrik"]
[Result "0-1"]
[WhiteElo "1740"]
[BlackElo "2021"]
[PlyCount "72"]
[EventDate "2025.02.18"]
[EventType "swiss"]
[EventRounds "9"]
[EventCountry "ENG"]
[SourceTitle "BritBase"]
[Source "John Saunders"]
[SourceDate "2025.02.21"]
[SourceVersion "1"]
[SourceVersionDate "2025.02.21"]
[SourceQuality "1"]

1. d4 d5 2. c4 e6 3. Nc3 Nf6 4. cxd5 exd5 5. Bg5 Bb4 6. e3 h6 7. Bh4 g5 8. Bg3 Ne4 9. Rc1 h5 10. f3 Nxg3 11. hxg3 c6 12. Bd3 Be6 13. Nge2 Nd7 14. a3 Bd6 15. Kf2 Nf6 16. Qc2 Qd7 17. b4 Kf8 18. Na4 Kg7 19. Nc5 Qe7 20. Qd2 Rag8 21. e4 Bxc5 22. bxc5 dxe4 23. fxe4 Ng4+ 24. Ke1 Kf8 25. Qc3 h4 26. Kd2 Nf2 27. Rhf1 hxg3 28. Nxg3 Nxd3 29. Qxd3 Rh2 30. Rf2 g4 31. d5 cxd5 32. exd5 Qg5+ 33. Kc3 Qxd5 34. Rd1 Qxc5+ 35. Kb2 Qxf2+ 36. Rd2 Qb6+ 0-1

[Event "Isle of Wight International"]
[Site "Ryde"]
[Date "2025.02.19"]
[Round "3.51"]
[White "Vadalia, Jainill"]
[Black "Ward, Cian"]
[Result "1-0"]
[WhiteElo "1998"]
[BlackElo "1866"]
[PlyCount "45"]
[EventDate "2025.02.18"]
[EventType "swiss"]
[EventRounds "9"]
[EventCountry "ENG"]
[SourceTitle "BritBase"]
[Source "John Saunders"]
[SourceDate "2025.02.21"]
[SourceVersion "1"]
[SourceVersionDate "2025.02.21"]
[SourceQuality "1"]

1. d4 Nf6 2. c4 e6 3. Nf3 b6 4. g3 Ba6 5. b3 Bb4+ 6. Bd2 Be7 7. Bg2 c6 8. O-O d5 9. cxd5 cxd5 10. Ne5 Qc7 11. Nc3 Bd6 12. f4 Bxe5 13. fxe5 Ng8 14. Nxd5 exd5 15. Bxd5 Bb7 16. Rxf7 Ne7 17. Rc1 Qd7 18. Bxb7 Qxb7 19. Rxg7 Qd5 20. Bg5 Nbc6 21. e3 Kd7 22. Qg4+ Qe6 23. Rxe7+ 1-0

[Event "Isle of Wight International"]
[Site "Ryde"]
[Date "2025.02.19"]
[Round "3.52"]
[White "Zhu, Pengxiao"]
[Black "Khoury, Theo"]
[Result "0-1"]
[WhiteElo "1922"]
[BlackElo "2124"]
[PlyCount "80"]
[EventDate "2025.02.18"]
[EventType "swiss"]
[EventRounds "9"]
[EventCountry "ENG"]
[SourceTitle "BritBase"]
[Source "John Saunders"]
[SourceDate "2025.02.21"]
[SourceVersion "1"]
[SourceVersionDate "2025.02.21"]
[SourceQuality "1"]

1. d4 d5 2. c4 e6 3. Nc3 Nf6 4. cxd5 exd5 5. Bg5 c6 6. e3 h6 7. Bh4 Be7 8. Bd3 O-O 9. Qc2 Re8 10. Nge2 Nbd7 11. O-O a5 12. f3 b5 13. Rad1 Ba6 14. h3 Qb6 15. Kh1 b4 16. Nb1 Bxd3 17. Qxd3 c5 18. Nd2 Qa6 19. Qxa6 Rxa6 20. Bf2 Bd6 21. Rfe1 Rc6 22. Rc1 Rec8 23. e4 dxe4 24. fxe4 cxd4 25. Rxc6 Rxc6 26. Nxd4 Rc8 27. b3 Ne5 28. Bg3 Nd3 29. Bxd6 Nxe1 30. e5 Rc1 31. Kh2 Rd1 32. Nc4 Ne4 33. Nf5 Ra1 34. Nfe3 Rxa2 35. h4 a4 36. Bxb4 Nd3 37. bxa4 Nxb4 38. a5 Nc6 39. Nd6 Nxd6 40. exd6 Rxa5 0-1

[Event "Isle of Wight International"]
[Site "Ryde"]
[Date "2025.02.19"]
[Round "3.53"]
[White "Kothari, Jai"]
[Black "Buckland, Louis"]
[Result "1-0"]
[WhiteElo "2070"]
[BlackElo "1919"]
[PlyCount "69"]
[EventDate "2025.02.18"]
[EventType "swiss"]
[EventRounds "9"]
[EventCountry "ENG"]
[SourceTitle "BritBase"]
[Source "John Saunders"]
[SourceDate "2025.02.21"]
[SourceVersion "1"]
[SourceVersionDate "2025.02.21"]
[SourceQuality "1"]

1. e4 c6 2. d4 d5 3. exd5 cxd5 4. Bd3 Nc6 5. c3 Nf6 6. Bf4 Bg4 7. Qb3 Qd7 8. Nd2 e6 9. Ngf3 Bxf3 10. Nxf3 Bd6 11. Bxd6 Qxd6 12. O-O O-O 13. Rae1 Qc7 14. Qc2 g6 15. Qd2 Kg7 16. h4 Rab8 17. g3 b5 18. Kg2 b4 19. h5 Nxh5 20. Rh1 Rh8 21. Rxh5 gxh5 22. Qg5+ Kf8 23. Qf6 Rg8 24. Rxe6 Nd8 25. Rd6 bxc3 26. Ne5 Qe7 27. Qh6+ Rg7 28. Nd7+ Kg8 29. Nxb8 Ne6 30. Rd7 Qe8 31. Rb7 Qc8 32. Rb4 c2 33. Nc6 Qc7 34. Rb8+ Nf8 35. Bxh7+ 1-0

[Event "Isle of Wight International"]
[Site "Ryde"]
[Date "2025.02.19"]
[Round "3.54"]
[White "Brett, Andrew R"]
[Black "McMahon, Paul"]
[Result "1-0"]
[WhiteElo "2047"]
[BlackElo "1919"]
[PlyCount "73"]
[EventDate "2025.02.18"]
[EventType "swiss"]
[EventRounds "9"]
[EventCountry "ENG"]
[SourceTitle "BritBase"]
[Source "John Saunders"]
[SourceDate "2025.02.21"]
[SourceVersion "1"]
[SourceVersionDate "2025.02.21"]
[SourceQuality "1"]

1. d4 d5 2. c4 e6 3. Nc3 Nf6 4. cxd5 exd5 5. Bg5 Be7 6. e3 h6 7. Bh4 O-O 8. Qc2 b6 9. Bd3 Bb7 10. Nf3 Nbd7 11. O-O c5 12. Rad1 a6 13. Ne5 Rc8 14. Bf5 Rc7 15. Bg3 Nxe5 16. dxe5 Nh5 17. Nxd5 Bxd5 18. e4 Bxe4 19. Qxe4 Nxg3 20. fxg3 Qa8 21. Qg4 Bg5 22. Be4 Be3+ 23. Kh1 Qe8 24. Rde1 Bd4 25. Bd3 Qe6 26. Bf5 Qe8 27. e6 Re7 28. h4 Kh8 29. exf7 Rfxf7 30. Qg6 Qg8 31. Rxe7 Rxe7 32. Qxb6 Qe8 33. Kh2 Bf6 34. Qxc5 Bxb2 35. Bg6 Qd8 36. Qb6 Re8 37. Qxb2 1-0

[Event "Isle of Wight International"]
[Site "Ryde"]
[Date "2025.02.19"]
[Round "3.55"]
[White "Looi, Xin Hao"]
[Black "Kennedy, Craig"]
[Result "0-1"]
[WhiteElo "2043"]
[BlackElo "1879"]
[PlyCount "90"]
[EventDate "2025.02.18"]
[EventType "swiss"]
[EventRounds "9"]
[EventCountry "ENG"]
[SourceTitle "BritBase"]
[Source "John Saunders"]
[SourceDate "2025.02.21"]
[SourceVersion "1"]
[SourceVersionDate "2025.02.21"]
[SourceQuality "1"]

1. d4 e6 2. c4 f5 3. Nc3 Bb4 4. Qc2 Nf6 5. g3 O-O 6. Bg2 d6 7. Nf3 Nc6 8. O-O Bxc3 9. bxc3 e5 10. dxe5 dxe5 11. Ba3 Re8 12. Rfd1 Bd7 13. Qb3 Qc8 14. Ng5 Na5 15. Qb4 Nc6 16. Qb3 Na5 17. Qb4 Nc6 18. Qb5 e4 19. c5 h6 20. Nh3 Ne5 21. Qb4 g5 22. f4 exf3 23. exf3 f4 24. Nf2 fxg3 25. hxg3 Nh5 26. f4 Nc6 27. Qc4+ Be6 28. Qe4 Bf5 29. Qd5+ Be6 30. Qd3 Bf5 31. Bd5+ Kg7 32. Qf3 g4 33. Qg2 Re3 34. Nh1 Qe8 35. c4 Re2 36. Nf2 Qe3 37. Bc1 Qc3 38. Bxc6 bxc6 39. Qxc6 Qxg3+ 40. Qg2 Qxg2+ 41. Kxg2 g3 42. Rd2 Rae8 43. Bb2+ Kg6 44. Rad1 gxf2 45. Be5 Be4+ 0-1

[Event "Isle of Wight International"]
[Site "Ryde"]
[Date "2025.02.19"]
[Round "3.56"]
[White "Hagesaether, Arne"]
[Black "Smith, Steve"]
[Result "1-0"]
[WhiteElo "1993"]
[BlackElo "1867"]
[PlyCount "71"]
[EventDate "2025.02.18"]
[EventType "swiss"]
[EventRounds "9"]
[EventCountry "ENG"]
[SourceTitle "BritBase"]
[Source "John Saunders"]
[SourceDate "2025.02.21"]
[SourceVersion "1"]
[SourceVersionDate "2025.02.21"]
[SourceQuality "1"]

1. d4 d5 2. Nf3 Nf6 3. Bf4 c5 4. e3 Nc6 5. c3 Bg4 6. Nbd2 e6 7. Qb3 Qc8 8. Ne5 Nxe5 9. dxe5 Nd7 10. e4 dxe4 11. Nxe4 Be7 12. Bg5 Bxg5 13. Nd6+ Ke7 14. Nxc8+ Rhxc8 15. Be2 Bxe2 16. Kxe2 Nxe5 17. Qxb7+ Kf8 18. Qe4 Ng6 19. h4 Bh6 20. g3 Rab8 21. Rab1 f5 22. Qc4 f4 23. Rhe1 Ne5 24. Qxe6 Re8 25. Qd6+ Kg8 26. Kf1 Nf7 27. Rxe8+ Rxe8 28. Qxc5 fxg3 29. fxg3 Be3 30. Qc6 Rf8 31. Qe6 Bb6 32. Kg2 g6 33. Rf1 Kg7 34. b4 Bc7 35. c4 Be5 36. Rxf7+ 1-0

[Event "Isle of Wight International"]
[Site "Ryde"]
[Date "2025.02.19"]
[Round "3.57"]
[White "Sui, Yueyue"]
[Black "Sasikumar, Srivathsan"]
[Result "0-1"]
[WhiteElo "1805"]
[BlackElo "1992"]
[PlyCount "105"]
[EventDate "2025.02.18"]
[EventType "swiss"]
[EventRounds "9"]
[EventCountry "ENG"]
[SourceTitle "BritBase"]
[Source "John Saunders"]
[SourceDate "2025.02.21"]
[SourceVersion "1"]
[SourceVersionDate "2025.02.21"]
[SourceQuality "1"]

1. d4 Nf6 2. c4 e6 3. Nc3 d5 4. Bg5 Be7 5. e3 c6 6. Nf3 Nbd7 7. Be2 O-O 8. O-O dxc4 9. Bxc4 b5 10. Bd3 Bb7 11. Rc1 a6 12. Ne4 Nxe4 13. Bxe7 Qxe7 14. Bxe4 Rac8 15. Rc3 Nf6 16. Bb1 c5 17. dxc5 Rxc5 18. Rxc5 Qxc5 19. Qd4 Qh5 20. e4 Re8 21. Re1 e5 22. Qd6 Bc8 23. Nd2 h6 24. Nb3 Qh4 25. Qd3 Nh5 26. Qf1 Qg5 27. Re3 Nf4 28. Rg3 Qh5 29. Bd3 Rd8 30. Nc1 Be6 31. b3 a5 32. Be2 Nxe2+ 33. Nxe2 Rd2 34. f3 Qh4 35. Nc3 Qd8 36. Qc1 Qd4+ 37. Kh1 Qxc3 38. Qe1 Qd4 39. h3 Rd1 40. Qxd1 Qxd1+ 41. Kh2 a4 42. bxa4 Qxa4 43. a3 Qxa3 44. f4 Qxg3+ 45. Kxg3 b4 46. Kf3 b3 47. f5 b2 48. fxe6 fxe6 49. Kg4 b1=B 50. g3 Bxe4 51. Kh5 Kh7 52. g4 g6+ 53. Kh4 0-1

[Event "Isle of Wight International"]
[Site "Ryde"]
[Date "2025.02.19"]
[Round "3.58"]
[White "Chilton, James I"]
[Black "Lukhi, Neev"]
[Result "1-0"]
[WhiteElo "1799"]
[BlackElo "1963"]
[PlyCount "129"]
[EventDate "2025.02.18"]
[EventType "swiss"]
[EventRounds "9"]
[EventCountry "ENG"]
[SourceTitle "BritBase"]
[Source "John Saunders"]
[SourceDate "2025.02.21"]
[SourceVersion "1"]
[SourceVersionDate "2025.02.21"]
[SourceQuality "1"]

1. e4 e6 2. d4 d5 3. Nc3 dxe4 4. Nxe4 Nd7 5. Nf3 Ngf6 6. Ng3 Be7 7. c4 O-O 8. Bd3 c5 9. Be3 cxd4 10. Bxd4 Bb4+ 11. Kf1 Bc5 12. Bc3 Ng4 13. Ne4 f5 14. Nxc5 Nxc5 15. Bc2 Qe7 16. h3 Nf6 17. Qe1 Re8 18. Rd1 b6 19. b4 Nce4 20. Ba4 Rd8 21. Bd4 Bb7 22. Ne5 Rac8 23. f3 Nd6 24. Bb3 Nd7 25. c5 bxc5 26. Nxd7 c4 27. Ba4 Bc6 28. Bxc6 Rxc6 29. Nc5 Nb7 30. Nxb7 Qxb7 31. Bc5 Re8 32. Qe5 a5 33. a3 axb4 34. Bxb4 Qa7 35. Bc3 Rc7 36. Bd4 Qa4 37. Kf2 Rd7 38. Rde1 Qxa3 39. Qb5 Rdd8 40. Qxc4 Qd6 41. Be5 Qb6+ 42. Kg3 Rc8 43. Qd4 Qb7 44. Rb1 Qf7 45. Rhc1 Rcd8 46. Qb2 Qg6+ 47. Kh2 Qg5 48. Rc7 Rd2 49. Rxg7+ Qxg7 50. Bxg7 Rxb2 51. Bxb2 e5 52. Re1 e4 53. Re3 Rb8 54. Be5 Rb5 55. Bf4 exf3 56. gxf3 Kf7 57. Kg3 Rb4 58. Bd6 Rd4 59. Re7+ Kg6 60. Be5 Rc4 61. f4 Rc6 62. Kh4 Ra6 63. Rg7+ Kh6 64. Rg5 Rf6 65. Rh5+ 1-0

[Event "Isle of Wight International"]
[Site "Ryde"]
[Date "2025.02.19"]
[Round "3.59"]
[White "Collyer, David"]
[Black "Rzepka, Marcin"]
[Result "1-0"]
[WhiteElo "1929"]
[BlackElo "1750"]
[PlyCount "49"]
[EventDate "2025.02.18"]
[EventType "swiss"]
[EventRounds "9"]
[EventCountry "ENG"]
[SourceTitle "BritBase"]
[Source "John Saunders"]
[SourceDate "2025.02.21"]
[SourceVersion "1"]
[SourceVersionDate "2025.02.21"]
[SourceQuality "1"]

1. e4 c5 2. Nf3 e6 3. d4 cxd4 4. Nxd4 Nc6 5. Nc3 Nf6 6. Nxc6 bxc6 7. e5 Nd5 8. Ne4 Qc7 9. f4 Be7 10. c4 Nb6 11. Be3 O-O 12. Bd3 f5 13. exf6 Bxf6 14. Nxf6+ Rxf6 15. O-O Bb7 16. Qh5 Rh6 17. Qg5 Rf8 18. Bd4 d6 19. c5 dxc5 20. Be5 Qf7 21. f5 Rh5 22. Qg4 Nd5 23. Qg3 Nf6 24. fxe6 Qxe6 25. Bxf6 1-0

[Event "Isle of Wight International"]
[Site "Ryde"]
[Date "2025.02.19"]
[Round "3.60"]
[White "Li, Harvey"]
[Black "Varro, Daniel"]
[Result "0-1"]
[WhiteElo "1766"]
[BlackElo "1925"]
[PlyCount "46"]
[EventDate "2025.02.18"]
[EventType "swiss"]
[EventRounds "9"]
[EventCountry "ENG"]
[SourceTitle "BritBase"]
[Source "John Saunders"]
[SourceDate "2025.02.21"]
[SourceVersion "1"]
[SourceVersionDate "2025.02.21"]
[SourceQuality "1"]

1. d4 d5 2. c4 c6 3. Nc3 Nf6 4. Nf3 e6 5. e3 Nbd7 6. Qc2 Bd6 7. g4 dxc4 8. Bxc4 b5 9. Bd3 Bb7 10. e4 e5 11. Nh4 g6 12. dxe5 Bxe5 13. Bg5 h6 14. Bxf6 Qxf6 15. Ng2 Qf3 16. Bf1 O-O 17. Rg1 b4 18. Nb1 Qf6 19. Nd2 Bxb2 20. Rd1 Bc3 21. Bc4 Ne5 22. Ne3 Nf3+ 23. Ke2 Nd4+ 0-1

[Event "Isle of Wight International"]
[Site "Ryde"]
[Date "2025.02.20"]
[Round "4.1"]
[White "Czopor, Maciej"]
[Black "Camacho Collados, Marcos"]
[Result "0-1"]
[WhiteElo "2409"]
[BlackElo "2459"]
[PlyCount "120"]
[EventDate "2025.02.18"]
[EventType "swiss"]
[EventRounds "9"]
[EventCountry "ENG"]
[SourceTitle "BritBase"]
[Source "John Saunders"]
[SourceDate "2025.02.21"]
[SourceVersion "1"]
[SourceVersionDate "2025.02.21"]
[SourceQuality "1"]

1. e4 c6 2. d4 d5 3. Nc3 dxe4 4. Nxe4 Nf6 5. Nxf6+ exf6 6. c3 Bd6 7. Bd3 Na6 8. Ne2 Nc7 9. O-O O-O 10. Qc2 g6 11. Bf4 Nd5 12. Bxd6 Qxd6 13. Rfe1 a5 14. Qd2 Kg7 15. Rad1 Bg4 16. h3 Bxe2 17. Bxe2 Rfe8 18. Bf3 Nc7 19. Qc2 Rxe1+ 20. Rxe1 a4 21. a3 Ne6 22. Re3 Ra5 23. Be2 Nf4 24. Bf1 h5 25. Qe4 Nd5 26. Re1 Ra8 27. Bc4 f5 28. Qe5+ Qxe5 29. Rxe5 Nb6 30. Ba2 Kf6 31. Kf1 h4 32. Ke2 Nd7 33. Re3 Rd8 34. Rd3 g5 35. Rf3 Nf8 36. Bb1 Rd5 37. c4 Ra5 38. d5 f4 39. g3 Ke5 40. gxf4+ gxf4 41. b4 axb3 42. Rxb3 Ra7 43. Kf3 f5 44. Rd3 Nh7 45. d6 Ng5+ 46. Kg2 Ne6 47. d7 Ra8 48. Rd1 Rg8+ 49. Kf3 Ng5+ 50. Ke2 Rd8 51. f3 Ne6 52. Kf2 Nd4 53. Rg1 Rxd7 54. Rg5 b6 55. Rg8 Ra7 56. Re8+ Kd6 57. Rh8 Rxa3 58. Rxh4 Rxf3+ 59. Kg2 Rb3 60. Rxf4 Rb2+ 0-1

[Event "Isle of Wight International"]
[Site "Ryde"]
[Date "2025.02.20"]
[Round "4.2"]
[White "Gormally, Daniel W"]
[Black "Zhou, Yang-Fan"]
[Result "1/2-1/2"]
[WhiteElo "2435"]
[BlackElo "2427"]
[PlyCount "42"]
[EventDate "2025.02.18"]
[EventType "swiss"]
[EventRounds "9"]
[EventCountry "ENG"]
[SourceTitle "BritBase"]
[Source "John Saunders"]
[SourceDate "2025.02.21"]
[SourceVersion "1"]
[SourceVersionDate "2025.02.21"]
[SourceQuality "1"]

1. e4 c5 2. Nf3 d6 3. d4 cxd4 4. Nxd4 Nf6 5. Nc3 a6 6. Be2 e5 7. Nb3 Be7 8. O-O O-O 9. Be3 Be6 10. a4 Nc6 11. Bf3 Rc8 12. Nd5 Bxd5 13. exd5 Na5 14. Nd2 Qc7 15. c3 Nc4 16. Nxc4 Qxc4 17. a5 Qb5 18. Ra4 Qxb2 19. c4 Qc3 20. Be2 Qb2 21. Bf3 Qc3 1/2-1/2

[Event "Isle of Wight International"]
[Site "Ryde"]
[Date "2025.02.20"]
[Round "4.3"]
[White "Cheng, Bobby Sky"]
[Black "Derakhshani, Borna"]
[Result "1-0"]
[WhiteElo "2594"]
[BlackElo "2355"]
[PlyCount "59"]
[EventDate "2025.02.18"]
[EventType "swiss"]
[EventRounds "9"]
[EventCountry "ENG"]
[SourceTitle "BritBase"]
[Source "John Saunders"]
[SourceDate "2025.02.21"]
[SourceVersion "1"]
[SourceVersionDate "2025.02.21"]
[SourceQuality "1"]

1. Nf3 Nf6 2. c4 e6 3. Nc3 d5 4. d4 Be7 5. cxd5 exd5 6. Bf4 O-O 7. e3 Bf5 8. Qb3 Nc6 9. a3 Na5 10. Qa2 Be6 11. Ng5 Bf5 12. Be2 c6 13. O-O b5 14. b3 Rc8 15. h3 Re8 16. Nf3 Ne4 17. Rfc1 Bd6 18. Bxd6 Qxd6 19. Qb2 Qh6 20. Ne5 f6 21. Nd3 Nb7 22. Nxe4 Bxe4 23. a4 Qg5 24. Nf4 bxa4 25. Rxa4 a5 26. Ba6 Rc7 27. Bxb7 Rxb7 28. Rxa5 Reb8 29. Rxc6 Rxb3 30. Qxb3 1-0

[Event "Isle of Wight International"]
[Site "Ryde"]
[Date "2025.02.20"]
[Round "4.4"]
[White "Arkell, Keith C"]
[Black "Bogner, Sebastian"]
[Result "1/2-1/2"]
[WhiteElo "2329"]
[BlackElo "2540"]
[PlyCount "151"]
[EventDate "2025.02.18"]
[EventType "swiss"]
[EventRounds "9"]
[EventCountry "ENG"]
[SourceTitle "BritBase"]
[Source "John Saunders"]
[SourceDate "2025.02.21"]
[SourceVersion "1"]
[SourceVersionDate "2025.02.21"]
[SourceQuality "1"]

1. d4 Nf6 2. Nf3 e6 3. c4 b6 4. g3 Ba6 5. b3 Bb4+ 6. Bd2 Be7 7. Bg2 d5 8. cxd5 exd5 9. O-O O-O 10. Nc3 Re8 11. Re1 Nbd7 12. Ne5 Bb7 13. Bf4 Nf8 14. Rc1 Ne6 15. Be3 Bb4 16. Qd3 c5 17. dxc5 bxc5 18. Red1 Bxc3 19. Rxc3 Qb8 20. Bf4 d4 21. Rc4 Bxg2 22. Kxg2 Nd5 23. Qf5 Nexf4+ 24. gxf4 Nxf4+ 25. Qxf4 Rxe5 26. Rdc1 Rxe2 27. Qxb8+ Rxb8 28. Rxc5 Kf8 29. Ra5 Rb7 30. Rd1 Rd7 31. Kf1 Re6 32. Rd3 Ke7 33. Rc5 Re4 34. f3 Rf4 35. b4 Ke6 36. Kf2 h6 37. Kg3 g5 38. Ra5 Ke7 39. Ra6 Rf6 40. Ra5 Rc6 41. Re5+ Re6 42. Rc5 f6 43. Rc4 Red6 44. f4 Ke6 45. Kf3 Rd5 46. Ke4 f5+ 47. Kf3 Kf6 48. a4 a6 49. Rc6+ R7d6 50. Rc4 Kg6 51. h3 Kh5 52. Kg3 Rd7 53. Kg2 Kh4 54. Rc6 R7d6 55. Rc4 g4 56. hxg4 Kxg4 57. Kf2 Kxf4 58. Rf3+ Ke5 59. Ke2 Rg6 60. Kd3 f4 61. Rc8 Rg3 62. Re8+ Kd6 63. Ke4 Rxf3 64. Rd8+ Ke6 65. Rxd5 Re3+ 66. Kxd4 Rb3 67. Ra5 Rxb4+ 68. Kd3 h5 69. Ke2 h4 70. Kf3 h3 71. Rxa6+ Kf5 72. Ra5+ Kg6 73. Ra8 Rb7 74. Rh8 Rb3+ 75. Kxf4 Kg7 76. Rh5 1/2-1/2

[Event "Isle of Wight International"]
[Site "Ryde"]
[Date "2025.02.20"]
[Round "4.5"]
[White "Prado, Alexandra"]
[Black "Kothari, Jai"]
[Result "0-1"]
[WhiteElo "1938"]
[BlackElo "2070"]
[PlyCount "78"]
[EventDate "2025.02.18"]
[EventType "swiss"]
[EventRounds "9"]
[EventCountry "ENG"]
[SourceTitle "BritBase"]
[Source "John Saunders"]
[SourceDate "2025.02.21"]
[SourceVersion "1"]
[SourceVersionDate "2025.02.21"]
[SourceQuality "1"]

1. e4 c5 2. Nc3 Nc6 3. Bb5 Nd4 4. Bc4 e6 5. Nge2 Nf6 6. O-O b5 7. Bxb5 Nxb5 8. Nxb5 Nxe4 9. d3 Nf6 10. Bf4 d6 11. b3 Bb7 12. Re1 g5 13. Bd2 Qd7 14. Nbc3 Qc6 15. Ne4 Nxe4 16. dxe4 Qxe4 17. f3 Qc6 18. Bc3 Rg8 19. Ng3 g4 20. Kf2 O-O-O 21. Bf6 Rd7 22. c4 Rg6 23. Bb2 Bh6 24. Qe2 Rd8 25. Rad1 f5 26. a3 Rdg8 27. Rg1 Bf4 28. fxg4 Rh6 29. h3 fxg4 30. Nh5 Bh2 31. Nf6 Bxg1+ 32. Kxg1 Rxf6 33. Bxf6 Rg6 34. Qxe6+ Qd7 35. Qxd6 Qxd6 36. Rxd6 gxh3 37. Be5 Rxg2+ 38. Kf1 h2 39. Bxh2 Rxh2 0-1

[Event "Isle of Wight International"]
[Site "Ryde"]
[Date "2025.02.20"]
[Round "4.6"]
[White "Beerdsen, Thomas"]
[Black "Radeva, Viktoria"]
[Result "1/2-1/2"]
[WhiteElo "2511"]
[BlackElo "2303"]
[PlyCount "52"]
[EventDate "2025.02.18"]
[EventType "swiss"]
[EventRounds "9"]
[EventCountry "ENG"]
[SourceTitle "BritBase"]
[Source "John Saunders"]
[SourceDate "2025.02.21"]
[SourceVersion "1"]
[SourceVersionDate "2025.02.21"]
[SourceQuality "1"]

1. e4 e5 2. Nf3 Nf6 3. Nxe5 d6 4. Nf3 Nxe4 5. c4 Be7 6. Nc3 Nxc3 7. dxc3 O-O 8. Bd3 Re8 9. O-O Bg4 10. h3 Bh5 11. Be4 Nc6 12. Qd5 Bg6 13. Bxg6 hxg6 14. Re1 Qd7 15. g4 Bf6 16. Bf4 Rxe1+ 17. Rxe1 Re8 18. c5 Rxe1+ 19. Nxe1 Qe8 20. Nd3 dxc5 21. Nxc5 b6 22. Nd7 Bh4 23. Be3 Ne7 24. Qd3 Nc6 25. Qd5 Ne7 26. Qd3 Nc6 1/2-1/2

[Event "Isle of Wight International"]
[Site "Ryde"]
[Date "2025.02.20"]
[Round "4.7"]
[White "Fischer, Daniel"]
[Black "Ghasi, Ameet K"]
[Result "1/2-1/2"]
[WhiteElo "2341"]
[BlackElo "2506"]
[PlyCount "40"]
[EventDate "2025.02.18"]
[EventType "swiss"]
[EventRounds "9"]
[EventCountry "ENG"]
[SourceTitle "BritBase"]
[Source "John Saunders"]
[SourceDate "2025.02.21"]
[SourceVersion "1"]
[SourceVersionDate "2025.02.21"]
[SourceQuality "1"]

1. e4 c6 2. d4 d5 3. e5 Bf5 4. Nf3 e6 5. Be2 Ne7 6. O-O c5 7. c4 Nbc6 8. dxc5 dxc4 9. Bxc4 Ng6 10. Be3 Be7 11. Nd4 Ngxe5 12. Nxf5 exf5 13. Be2 O-O 14. Nc3 f4 15. Bxf4 Bxc5 16. Rc1 Re8 17. Qxd8 Raxd8 18. Rfd1 a6 19. Rxd8 Rxd8 20. Rd1 Rxd1+ 1/2-1/2